00965nam a22001937a 450000500170000000800410001702000180005804000070007604100120008308200210009510000140011624500310013026000440016130000260020552004640023165000200069565000360071570000200075120260202144750.0250217b ||||| |||| 00| 0 eng d a9788197595158 cAL aEnglish 223a820.33bDSOT aNa Dsouza aTen houses around a Church aMangalurubSt Aloysius Prakashanac2024 a296 p.bPBc21x14 cm. aThe book titled ‘Ten Houses around a Church,’ a translated work of Dr Sylvia Rego, Department of English, St Aloysius (Deemed to be University), was released on 6 February 2025 during a Literary Festival, KENSHO, organised by the Department of English, which was published by St Aloysius Prakashana. The book ‘Ten Houses around a Church’ is a translation of a Kannada novel, ‘Igarji Suttalina Hattu Manegalu’ by the renowned writer Na D’Souza. aEnglish Fiction aIgarji Suttalina Hattu Manegalu aRego, Sylvia Tr